[Event "Villa Ballester op 56th"]
[Site "Villa Ballester"]
[Date "2006.01.13"]
[Round "7"]
[White "Ojeda, Hernan"]
[Black "Prieto, Marcelo"]
[Result "1/2-1/2"]
[WhiteElo "2226"]
[BlackElo "2077"]
[PlyCount "101"]
[EventDate "2006.01.03"]
[EventType "swiss"]
[EventRounds "9"]
[EventCountry "ARG"]
[SourceTitle "CBM 110 Extra"]
[Source "ChessBase"]
[SourceDate "2006.03.10"]
[SourceVersion "2"]
[SourceVersionDate "2006.03.10"]
[SourceQuality "1"]

1. e4 c6 2. d4 d5 3. Nd2 dxe4 4. Nxe4 Nf6 5. Nxf6+ gxf6 6. Be3 Bf5 7. Qd2 e6 8. Ne2 Nd7 9. Ng3 Bg6 10. h4 h5 11. 0-0-0 Qc7 12. Bd3 Bxd3 13. Qxd3 f5 14. Bg5 Bh6 15. Nxh5 Bxg5+ 16. hxg5 0-0-0 17. g3 Qa5 18. Kb1 Ne5 19. Qe2 Ng6 20. Rhe1 Qc7 21. f4 Rh7 22. Nf6 Rh3 23. Qg2 Rdh8 24. Rh1 Rxh1 25. Rxh1 Rxh1+ 26. Qxh1 Qb6 27. c3 Qb5 28. Qf3 a5 29. b3 a4 30. Kc2 Qa6 31. Kb2 Qb6 32. Kc2 Qa6 33. Kb2 Qb6 34. Qh5 c5 35. Qh7 a3+ 36. Kc2 Qc6 37. Qg8+ Kc7 38. Qxf7+ Kb8 39. d5 Qb5 40. c4 Qa5 41. Qxg6 Qe1 42. Qe8+ Ka7 43. Qa4+ Kb8 44. Qe8+ Ka7 45. Qa4+ Kb8 46. Qxa3 Qe2+ 47. Kc1 Qe1+ 48. Kc2 Qe2+ 49. Kb1 Qd3+ 50. Kc1 Qc3+ 51. Kb1 1/2-1/2

[Event "Villa Ballester op 56th"]
[Site "Villa Ballester"]
[Date "2006.01.11"]
[Round "6"]
[White "Alonso, Arturo"]
[Black "Ojeda, Hernan"]
[Result "0-1"]
[WhiteElo "1902"]
[BlackElo "2226"]
[PlyCount "50"]
[EventDate "2006.01.03"]
[EventType "swiss"]
[EventRounds "9"]
[EventCountry "ARG"]
[SourceTitle "CBM 110 Extra"]
[Source "ChessBase"]
[SourceDate "2006.03.10"]
[SourceVersion "2"]
[SourceVersionDate "2006.03.10"]
[SourceQuality "1"]

1. e4 d6 2. d4 Nf6 3. Nc3 g6 4. Be3 Bg7 5. Nge2 0-0 6. g3 c6 7. a4 e5 8. dxe5 dxe5 9. Qxd8 Rxd8 10. Bg2 Na6 11. 0-0 Ng4 12. Rfd1 Rxd1+ 13. Rxd1 Nxe3 14. Rd8+ Bf8 15. fxe3 Nc7 16. Nc1 Kg7 17. Rd2 f6 18. N3a2 Be6 19. Bf1 Ne8 20. b3 Bc5 21. Kf2 Nd6 22. Nc3 Rd8 23. Rd1 Bb4 24. N3a2 Nxe4+ 25. Ke2 Bg4# 0-1

[Event "Villa Ballester op 54th"]
[Site "Villa Ballester"]
[Date "2004.01.16"]
[Round "7"]
[White "Ojeda, Hernan"]
[Black "Perez, Mario Abel"]
[Result "0-1"]
[WhiteElo "2248"]
[BlackElo "1875"]
[PlyCount "62"]
[EventDate "2004.01.07"]
[EventType "swiss"]
[EventRounds "9"]
[EventCountry "ARG"]
[SourceTitle "CBM 098 Extra"]
[Source "ChessBase"]
[SourceDate "2004.03.10"]
[SourceVersion "2"]
[SourceVersionDate "2004.03.10"]
[SourceQuality "1"]

1. e4 c5 2. Nc3 e6 3. d3 Nc6 4. g3 g6 5. Bg2 Bg7 6. Nge2 Nge7 7. Be3 Nd4 8. 0-0 a6 9. f4 d6 10. Qd2 Qa5 11. Rae1 Rb8 12. g4 f5 13. gxf5 gxf5 14. Ng3 h5 15. Qd1 h4 16. Nh5 Bf8 17. Ne2 Nxe2+ 18. Qxe2 Kd8 19. Bd2 Qb5 20. Bc3 Rg8 21. Nf6 Rg6 22. Qh5 Bg7 23. Qxh4 Bd7 24. exf5 Nxf5 25. Qh7 Rxf6 26. Bxf6+ Bxf6 27. Qg8+ Kc7 28. Qf7 Bd4+ 29. Kh1 Rh8 30. Rf3 Qxb2 31. Rh3 Bf2 0-1

[Event "ARG Circuit"]
[Site "Vicente Lopez"]
[Date "2004.??.??"]
[Round "1.1"]
[White "Albarran, Gustavo Eduardo"]
[Black "Ojeda, Hernan"]
[Result "1-0"]
[WhiteElo "2237"]
[BlackElo "2225"]
[PlyCount "45"]
[EventDate "2004.08.03"]
[EventType "k.o."]
[EventRounds "3"]
[EventCountry "ARG"]
[SourceTitle "CBM 101 Extra"]
[Source "ChessBase"]
[SourceDate "2004.09.01"]
[SourceVersion "2"]
[SourceVersionDate "2004.09.01"]
[SourceQuality "1"]

1. d4 d6 2. c4 g6 3. e4 Bg7 4. f4 c5 5. d5 Nf6 6. Nc3 0-0 7. Nf3 a6 8. a4 Ne8 9. Be2 Nd7 10. 0-0 Rb8 11. Qe1 Nc7 12. f5 Ne5 13. Nxe5 Bxe5 14. Bh6 Bg7 15. Qh4 Ne8 16. Rf3 Bf6 17. Bg5 Bxg5 18. Qxg5 f6 19. Qh6 g5 20. Rh3 Rf7 21. Bh5 Rg7 22. Bg6 e5 23. dxe6 1-0

[Event "American Continental 02nd"]
[Site "Buenos Aires"]
[Date "2003.08.29"]
[Round "11"]
[White "Ojeda, Hernan"]
[Black "Frey Perez, Hugo"]
[Result "0-1"]
[WhiteElo "2226"]
[BlackElo "2342"]
[PlyCount "66"]
[EventDate "2003.08.17"]
[EventType "swiss"]
[EventRounds "11"]
[EventCountry "ARG"]
[SourceTitle "CBM 097"]
[Source "ChessBase"]
[SourceDate "2003.11.11"]
[SourceVersion "1"]
[SourceVersionDate "2003.11.11"]
[SourceQuality "1"]

1. Nf3 c5 2. g3 g6 3. Bg2 Bg7 4. 0-0 Nc6 5. e4 d6 6. d3 e6 7. Nc3 Rb8 8. Ng5 b5 9. f4 Nge7 10. f5 exf5 11. exf5 Bxf5 12. Nxf7 Kxf7 13. g4 Qd7 14. gxf5 Bd4+ 15. Kh1 Nxf5 16. Rxf5+ Qxf5 17. Bxc6 Kg7 18. Qe2 Rbe8 19. Be4 Qh3 20. Nd5 Rhf8 21. Bf4 Bxb2 22. Rb1 Be5 23. Be3 Rf7 24. c3 Ref8 25. Bg1 Rf2 26. Nf4 R2xf4 27. Bg2 Qg4 28. Qe3 a6 29. d4 cxd4 30. cxd4 Bxd4 31. Qe7+ R8f7 32. Qxd6 Bxg1 33. Rxg1 R4f6 0-1

[Event "American Continental 02nd"]
[Site "Buenos Aires"]
[Date "2003.08.27"]
[Round "9"]
[White "Ojeda, Hernan"]
[Black "Malbran, Guillermo"]
[Result "1/2-1/2"]
[WhiteElo "2226"]
[BlackElo "2345"]
[PlyCount "38"]
[EventDate "2003.08.17"]
[EventType "swiss"]
[EventRounds "11"]
[EventCountry "ARG"]
[SourceTitle "CBM 097"]
[Source "ChessBase"]
[SourceDate "2003.11.11"]
[SourceVersion "1"]
[SourceVersionDate "2003.11.11"]
[SourceQuality "1"]

1. Nf3 Nf6 2. g3 g6 3. Bg2 Bg7 4. 0-0 0-0 5. d3 d5 6. Nc3 Nc6 7. e4 dxe4 8. dxe4 e5 9. Qxd8 Rxd8 10. Bg5 Be6 11. Rfd1 Rxd1+ 12. Rxd1 h6 13. Bxf6 Bxf6 14. Nd5 Bd8 15. Ne1 Na5 16. Nd3 Bxd5 17. exd5 f6 18. f4 exf4 19. Nxf4 Kf7 1/2-1/2

[Event "American Continental 02nd"]
[Site "Buenos Aires"]
[Date "2003.08.25"]
[Round "7"]
[White "Ojeda, Hernan"]
[Black "Manzone, Alessandro Jr"]
[Result "1-0"]
[WhiteElo "2226"]
[BlackElo "2119"]
[PlyCount "69"]
[EventDate "2003.08.17"]
[EventType "swiss"]
[EventRounds "11"]
[EventCountry "ARG"]
[SourceTitle "CBM 097"]
[Source "ChessBase"]
[SourceDate "2003.11.11"]
[SourceVersion "1"]
[SourceVersionDate "2003.11.11"]
[SourceQuality "1"]

1. Nf3 Nf6 2. g3 c5 3. Bg2 Nc6 4. 0-0 g6 5. d3 Bg7 6. e4 d5 7. Nbd2 0-0 8. Nh4 e5 9. c3 Be6 10. Qe2 Re8 11. Re1 Qc7 12. Nf1 d4 13. c4 Nh5 14. Nf5 Nf4 15. gxf4 gxf5 16. Qh5 Qd7 17. Ng3 exf4 18. Bxf4 f6 19. exf5 Bf7 20. Qh3 Rxe1+ 21. Rxe1 Re8 22. Ne4 b6 23. Rd1 Kh8 24. Qh4 Qe7 25. Nd6 Ne5 26. Nxe8 Qxe8 27. Bxe5 Qxe5 28. Be4 Qe8 29. Re1 b5 30. b3 bxc4 31. bxc4 Qd8 32. Rb1 Be8 33. Rb7 Qc8 34. Qg3 Bf8 35. Bd5 1-0

[Event "American Continental 02nd"]
[Site "Buenos Aires"]
[Date "2003.08.23"]
[Round "6"]
[White "Llanos, Guillermo"]
[Black "Ojeda, Hernan"]
[Result "1-0"]
[WhiteElo "2398"]
[BlackElo "2226"]
[PlyCount "91"]
[EventDate "2003.08.17"]
[EventType "swiss"]
[EventRounds "11"]
[EventCountry "ARG"]
[SourceTitle "CBM 097"]
[Source "ChessBase"]
[SourceDate "2003.11.11"]
[SourceVersion "1"]
[SourceVersionDate "2003.11.11"]
[SourceQuality "1"]

1. b3 Nf6 2. Bb2 d6 3. d4 g6 4. Nf3 Bg7 5. g3 0-0 6. c4 Nfd7 7. Bg2 e5 8. dxe5 dxe5 9. Nc3 e4 10. Nd4 Nc5 11. Nc2 Bg4 12. Qxd8 Rxd8 13. b4 Ncd7 14. Bxe4 Nc6 15. 0-0-0 Bxc3 16. Bxc3 Bxe2 17. Rd2 Bxc4 18. Bxc6 bxc6 19. Rhd1 Bd5 20. b5 Bf3 21. Rxd7 Bxd1 22. Rxd1 Rxd1+ 23. Kxd1 cxb5 24. Nd4 Rd8 25. Kc2 b4 26. Bb2 c5 27. Nc6 Re8 28. Kd3 Re6 29. Ne5 Ra6 30. Kc4 Rxa2 31. Nd3 a5 32. Kb3 c4+ 33. Kxa2 cxd3 34. Bc1 a4 35. Bd2 b3+ 36. Kb2 Kg7 37. Kc3 Kf6 38. Kxd3 a3 39. Bb4 b2 40. Kc2 a2 41. Kxb2 a1Q+ 42. Kxa1 Kf5 43. f3 g5 44. h3 h5 45. Bd2 g4 46. fxg4+ 1-0

[Event "Najdorf Memorial op"]
[Site "Buenos Aires"]
[Date "2002.09.29"]
[Round "8.31"]
[White "Benko, Francisco"]
[Black "Ojeda, Hernan"]
[Result "0-1"]
[WhiteElo "2116"]
[BlackElo "2225"]
[PlyCount "50"]
[EventDate "2002.09.23"]
[EventType "swiss"]
[EventRounds "8"]
[EventCountry "ARG"]
[SourceTitle "CBM 090 Extra"]
[Source "ChessBase"]
[SourceDate "2002.11.07"]
[SourceVersion "1"]
[SourceVersionDate "2002.11.07"]
[SourceQuality "1"]

1. e4 c6 2. d4 d5 3. f3 dxe4 4. fxe4 e5 5. Nf3 exd4 6. Bc4 Bc5 7. 0-0 Nf6 8. Bg5 Qb6 9. Bxf6 gxf6 10. Bxf7+ Kxf7 11. Ne5+ Ke7 12. Nd3 Be6 13. Nd2 Nd7 14. Qh5 Rag8 15. e5 fxe5 16. Qh4+ Ke8 17. Rae1 Be7 18. Qh5+ Rg6 19. Qe2 Rhg8 20. g3 Bg5 21. Qg2 Be3+ 22. Kh1 Bd5 23. Ne4 c5 24. Rf5 Qc6 25. Ndf2 Rg4 0-1

[Event "Villa Ballester op 52nd"]
[Site "Villa Ballester"]
[Date "2002.01.08"]
[Round "5"]
[White "Jimenez, Joaquin Rodrigo"]
[Black "Ojeda, Hernan"]
[Result "1/2-1/2"]
[WhiteElo "2235"]
[BlackElo "2232"]
[PlyCount "66"]
[EventDate "2002.01.02"]
[EventType "swiss"]
[EventRounds "9"]
[EventCountry "ARG"]
[SourceTitle "CBM 086 Extra"]
[Source "ChessBase"]
[SourceDate "2002.03.14"]
[SourceVersion "1"]
[SourceVersionDate "2002.03.14"]
[SourceQuality "1"]

1. e4 c6 2. d4 d5 3. Nd2 dxe4 4. Nxe4 Bf5 5. Ng3 Bg6 6. h4 h6 7. Nf3 Nd7 8. h5 Bh7 9. Bd3 Bxd3 10. Qxd3 Ngf6 11. Bf4 Qa5+ 12. Bd2 Qc7 13. 0-0-0 0-0-0 14. Ne4 e6 15. g3 Nxe4 16. Qxe4 Nf6 17. Qe2 c5 18. Rh4 Rd5 19. c4 cxd4 20. Nxd4 e5 21. Nb3 Be7 22. Kb1 Rd7 23. Rc1 Qd6 24. Ka1 Rc7 25. c5 Qd5 26. c6 b6 27. Rhc4 Rd8 28. Be3 Qd3 29. Qf3 Qd5 30. Qf5+ Kb8 31. Nd2 Ne8 32. Qg4 f5 33. Qg6 Bc5 1/2-1/2